000
00237nam a2200097Ia 4500
001
696139
005
20250826162007.0
008
250824s9999 xx 000 0 und d
245
0
_a
FÜREYA/A.KULİN/EVEREST
_c
AYŞE KULİN
260
_b
EVEREST
999
_c
696139
_d
696139